Теоретическая механика: учебник для бакалавров

Библиографические подробности
Главный автор: Поляхов Н. Н.
Другие авторы: Зегжда С. А., Юшков М. П.
Примечания:Электронная копия печатного издания
Режим доступа: из корпоративной сети ТПУ
Язык:русский
Опубликовано: Москва, Юрайт, 2012
Издание:3-е изд., испр. и доп.
Серии:Бакалавр
Электронные учебники издательства Юрайт
Предметы:
Online-ссылка:http://www.lib.tpu.ru/fulltext2/m/2013/FN/fn-2430.pdf
Формат: Электронный ресурс Книга
Запись в KOHA:https://koha.lib.tpu.ru/cgi-bin/koha/opac-detail.pl?biblionumber=242871

MARC

LEADER 00000nlm0a2200000 4500
001 242871
005 20231101231928.0
035 |a (RuTPU)RU\TPU\book\264193 
090 |a 242871 
100 |a 20130911d2012 m y0rusy50 ca 
101 0 |a rus 
102 |a RU 
105 |a y j 000zy 
135 |a vocna---uucaa 
181 0 |a i  
182 0 |a b 
200 1 |a Теоретическая механика  |b Электронный ресурс  |e учебник для бакалавров  |f Н. Н. Поляхов, С. А. Зегжда, М. П. Юшков 
203 |a Текст  |c электронный 
205 |a 3-е изд., испр. и доп. 
210 |a Москва  |c Юрайт  |d 2012 
215 |a 1 Мультимедиа CD-ROM 
225 1 |a Бакалавр 
225 1 |a Электронные учебники издательства Юрайт 
230 |a Мультимедиа ресурсы (10 директорий; 100 файлов; 740MB) 
300 |a Электронная копия печатного издания 
333 |a Режим доступа: из корпоративной сети ТПУ 
337 |a Pentium 100 MHz, 16 Mb RAM, Windows 95/98/NT/2000, CDROM, SVGA, звуковая карта, Internet Explorer 5.0 и выше 
452 1 |0 (RuTPU)RU\TPU\book\219227  |y 978-5-9916-1469-6  |t Теоретическая механика  |o учебник  |f Н. Н. Поляхов, С. А. Зегжда, М. П. Юшков  |e 3-е изд., перераб. и доп.  |c М.  |n Юрайт  |d 2012  |p 592 с.  |s Бакалавр  |a Поляхов, Николай Николаевич 
606 1 |a Механика теоретическая  |2 stltpush  |3 (RuTPU)RU\TPU\subj\59441  |9 76991 
610 1 |a учебники 
610 1 |a кинематика 
610 1 |a материальная точка 
610 1 |a твердые тела 
610 1 |a сложные движения 
610 1 |a динамика 
610 1 |a динамические системы 
610 1 |a малые колебания 
610 1 |a вариационные принципы 
610 1 |a интегрирование 
610 1 |a уравнения 
675 |a 531(075.8)  |v 3 
700 1 |a Поляхов  |b Н. Н. 
701 1 |a Зегжда  |b С. А. 
701 1 |a Юшков  |b М. П. 
801 1 |a RU  |b 63413507  |c 20130911 
801 2 |a RU  |b 63413507  |c 20130925  |g RCR 
856 4 |u http://www.lib.tpu.ru/fulltext2/m/2013/FN/fn-2430.pdf 
900 |a Теоретическая механика 
942 |c CF